[Event "World Blitz Women 2016"]
[Site "Doha QAT"]
[Date "2016.12.29"]
[Round "2.14"]
[White "Gvetadze, Sofio"]
[Black "Goryachkina, Aleksandra"]
[Result "0-1"]
[WhiteTitle "IM"]
[BlackTitle "WGM"]
[WhiteElo "2283"]
[BlackElo "2466"]
[WhiteFideId "13601440"]
[BlackFideId "4147103"]
[EventDate "2016.12.29"]

1. e4 e6 2. d4 d5 3. e5 c5 4. c3 Nc6 5. Nf3 Qb6 6. a3 Nh6 7. b4 cxd4 8. cxd4 Nf5
9. Be3 Nxe3 10. fxe3 a5 11. b5 Ne7 12. Bd3 Nf5 13. Bxf5 exf5 14. Nc3 Be6 15. O-O
Be7 16. Ne1 O-O 17. Nd3 Rac8 18. Qd2 Rc4 19. Nf4 Rd8 20. Qd3 Qc7 21. Rfc1 Rc8
22. Nce2 Qd7 23. a4 Bb4 24. h3 h6 25. Kh2 R8c7 26. Qd1 Qc8 27. Rxc4 Rxc4 28. Rc1
Rxc1 29. Nxc1 Qc3 30. Ncd3 b6 31. Kg3 g5 32. Nxe6 fxe6 33. Qh5 f4+ 34. Kh2 Qxd3
35. Qxh6 Qf5 36. Qh5 fxe3 37. Qe8+ Bf8 38. Qh5 Qf4+ 39. Kh1 Qf1+ 40. Kh2 Qf4+
41. Kh1 Kg7 42. Qe8 Qf1+ 43. Kh2 Qf4+ 44. Kh1 e2 45. Qd7+ Qf7 0-1

[Event "World Blitz Women 2016"]
[Site "Doha QAT"]
[Date "2016.12.29"]
[Round "2.15"]
[White "Batsiashvili, Nino"]
[Black "Hallaeva, Bahar"]
[Result "1-0"]
[WhiteTitle "IM"]
[BlackTitle "WFM"]
[WhiteElo "2482"]
[BlackElo "2112"]
[WhiteFideId "13602993"]
[BlackFideId "14000679"]
[EventDate "2016.12.29"]

1. d4 Nf6 2. c4 e6 3. Nc3 Bb4 4. Qc2 O-O 5. Nf3 b6 6. e4 Bxc3+ 7. bxc3 d6 8. Bd3
h6 9. O-O Bb7 10. Ne1 e5 11. f4 Re8 12. fxe5 dxe5 13. d5 Nbd7 14. Nf3 Nc5 15.
Bd2 Qd6 16. Nh4 Bc8 17. Nf5 Bxf5 18. Rxf5 Nfd7 19. Raf1 Rf8 20. Be2 Nf6 21. Rxf6
gxf6 22. Bxh6 Kh7 23. Bxf8 Rxf8 24. Bg4 Rh8 25. Qf2 Kg7 26. Bf5 Kf8 27. Qe3 Nb7
28. g3 Na5 29. c5 bxc5 30. Rb1 Ke7 31. Rb5 Nc4 32. Qxc5 Nb6 33. Qxd6+ cxd6 34.
Kg2 Kd8 35. h4 Kc7 36. Kf3 Na4 37. c4 Nc5 38. Rb1 Na4 39. Rh1 Kb6 40. h5 Kc5 41.
h6 Kxc4 42. h7 Nc3 43. Rh4 Nxa2 44. Rg4 Nb4 45. Rg8 Rxh7 46. Bxh7 a5 47. Rc8+
Kb3 48. Rd8 a4 49. Rxd6 a3 50. Rd8 Kc4 51. Ra8 Kb3 52. d6 Nc6 53. d7 a2 54. Kg4
Kb2 55. Kf5 a1=Q 56. Rxa1 Kxa1 57. Kxf6 Kb2 58. Kxf7 Kc3 59. Ke8 Kd4 60. d8=Q+
Ke3 61. Qd1 1-0

[Event "World Blitz Women 2016"]
[Site "Doha QAT"]
[Date "2016.12.29"]
[Round "2.16"]
[White "Krivec, Jana"]
[Black "Abdumalik, Zhansaya"]
[Result "0-1"]
[WhiteTitle "WGM"]
[BlackTitle "WGM"]
[WhiteElo "2264"]
[BlackElo "2405"]
[WhiteFideId "14601982"]
[BlackFideId "13703544"]
[EventDate "2016.12.29"]

1. e4 e6 2. d3 c5 3. f4 Nc6 4. g3 d5 5. Nd2 g6 6. Bg2 Bg7 7. Ngf3 h5 8. O-O Nge7
9. Nh4 Rb8 10. c3 b5 11. Qe2 Kf8 12. Ndf3 b4 13. Bd2 bxc3 14. bxc3 Rb2 15. e5
Qb6 16. Qe1 Ba6 17. Qe3 Nf5 18. Nxf5 gxf5 19. h3 Ke7 20. Rfc1 Rc8 21. Bf1 Ke8
22. Qe1 Rb8 23. Qe3 Bf8 24. Ng5 Be7 25. Nh7 Kd7 26. h4 Qa5 27. Be2 Rxa2 28. Rxa2
Qxa2 29. Bxh5 Rb2 30. Rd1 d4 31. cxd4 cxd4 32. Qe2 Qb3 33. Kf1 Bxd3 0-1

[Event "World Blitz Women 2016"]
[Site "Doha QAT"]
[Date "2016.12.29"]
[Round "2.17"]
[White "Ovezdurdiyeva, Jemal"]
[Black "Purtseladze, Maka"]
[Result "0-1"]
[WhiteTitle "WFM"]
[BlackTitle "IM"]
[WhiteElo "2080"]
[BlackElo "2347"]
[WhiteFideId "14001888"]
[BlackFideId "13602659"]
[EventDate "2016.12.29"]

1. d4 Nf6 2. c4 Nc6 3. Nc3 e5 4. d5 Ne7 5. e4 Ng6 6. g3 Bb4 7. Bd2 Bxc3 8. Bxc3
Nxe4 9. Bb4 d6 10. Bg2 Nf6 11. Ne2 a5 12. Bc3 Nd7 13. O-O Nc5 14. f4 f6 15. fxe5
Nxe5 16. Nd4 O-O 17. Nf5 Bd7 18. Kh1 b5 19. cxb5 Bxb5 20. Rf4 Bd7 21. Qh5 Bxf5
22. Qxf5 Qd7 23. Qc2 Ng6 24. Rf2 Rfe8 25. Raf1 Re7 26. Bd4 Qb5 27. Bh3 Nd3 28.
Rd2 Qxd5+ 29. Bg2 Qxd4 30. Rxd3 Qa7 31. Bxa8 Qxa8+ 0-1

[Event "World Blitz Women 2016"]
[Site "Doha QAT"]
[Date "2016.12.29"]
[Round "3.1"]
[White "Gunina, Valentina"]
[Black "Tan, Zhongyi"]
[Result "0-1"]
[WhiteTitle "GM"]
[BlackTitle "WGM"]
[WhiteElo "2525"]
[BlackElo "2496"]
[WhiteFideId "4167570"]
[BlackFideId "8603642"]
[EventDate "2016.12.29"]

1. d4 c5 2. d5 e5 3. e4 d6 4. Nc3 Be7 5. Nf3 Bg4 6. Bd3 Nd7 7. h3 Bh5 8. g4 Bg6
9. Qe2 a6 10. a4 Qc7 11. h4 h5 12. g5 O-O-O 13. Bd2 f6 14. Na2 Kb8 15. Rb1 Rc8
16. Bc4 f5 17. exf5 Bxf5 18. b4 cxb4 19. Nxb4 Qxc4 20. Nc6+ Rxc6 21. dxc6 Qxc6
22. O-O Bg4 23. Rb3 Nc5 24. Rc3 Bd8 25. Qe3 Bxf3 26. Qxf3 Ne7 27. Qf7 Nd5 28.
Rc4 Re8 29. Qxh5 Nb6 30. Rg4 Rf8 31. Qg6 Qf3 32. Rg3 Qd5 33. Be3 Ne6 34. Rb1 Nc4
35. Qd3 Qxd3 36. cxd3 Nxe3 37. fxe3 Nc5 38. d4 exd4 39. exd4 Nxa4 40. h5 Bb6 41.
Rb4 Rf4 42. Rxa4 Bxd4+ 43. Kg2 Rf2+ 44. Kh3 Be5 45. Rg2 Rf1 46. Kg4 Ka7 47. h6
gxh6 48. gxh6 b5 49. Re4 Rh1 50. Kg5 Kb6 51. Rgg4 a5 52. Rh4 Rg1+ 53. Kf5 Rg8
54. h7 Rh8 55. Rh6 Kc5 56. Rg4 a4 57. Rh3 b4 58. Rhh4 Bc3 59. Ke6 a3 60. Rh5+
Kb6 61. Rg2 b3 62. Rgg5 a2 63. Rb5+ Kc6 0-1

[Event "World Blitz Women 2016"]
[Site "Doha QAT"]
[Date "2016.12.29"]
[Round "3.3"]
[White "Ju, Wenjun"]
[Black "Harika, Dronavalli"]
[Result "0-1"]
[WhiteTitle "GM"]
[BlackTitle "GM"]
[WhiteElo "2579"]
[BlackElo "2543"]
[WhiteFideId "8603006"]
[BlackFideId "5015197"]
[EventDate "2016.12.29"]

1. d4 Nf6 2. c4 g6 3. g3 Bg7 4. Bg2 O-O 5. Nc3 d6 6. Nf3 Nbd7 7. O-O e5 8. e4
exd4 9. Nxd4 Nc5 10. h3 Re8 11. Re1 Bd7 12. b3 a5 13. a4 h5 14. Bf4 h4 15. gxh4
Nh5 16. Bg5 Qc8 17. Nd5 Bxh3 18. Bf3 Qd7 19. Rb1 Be6 20. Bxh5 Bxd5 21. cxd5 gxh5
22. Nf5 Rxe4 23. Rxe4 Nxe4 24. Nxg7 Nxg5 25. Nxh5 Nh3+ 26. Kh2 Qf5 27. Qe2 Qxf2+
28. Qxf2 Nxf2 29. Rc1 Rc8 30. Nf6+ Kf8 31. Kg3 Nd3 32. Rc3 Nc5 33. Kf4 c6 34. h5
cxd5 35. Nxd5 Ne6+ 36. Ke4 Rxc3 37. Nxc3 Nc5+ 38. Kd5 Nxb3 39. Kxd6 Kg7 40. Kc7
f5 41. Kxb7 f4 42. Kb6 f3 43. Ne4 Kh6 44. Ng3 f2 45. Kb5 Kg5 46. Kc4 Nd2+ 47.
Kd3 Kf4 0-1

[Event "World Blitz Women 2016"]
[Site "Doha QAT"]
[Date "2016.12.29"]
[Round "3.4"]
[White "Javakhishvili, Lela"]
[Black "Lagno, Kateryna"]
[Result "1-0"]
[WhiteTitle "IM"]
[BlackTitle "GM"]
[WhiteElo "2461"]
[BlackElo "2530"]
[WhiteFideId "13601458"]
[BlackFideId "14109336"]
[EventDate "2016.12.29"]

1. d4 Nf6 2. c4 g6 3. Nc3 d5 4. e3 Bg7 5. Qb3 e6 6. Qa3 a5 7. Nf3 Nc6 8. Be2 Nb4
9. Qb3 dxc4 10. Bxc4 O-O 11. O-O b6 12. a3 Nbd5 13. Ne5 Bb7 14. Bd2 Nxc3 15.
Bxc3 Ne4 16. Nf3 Ng5 17. Nd2 a4 18. Qc2 Qd7 19. h4 Qc6 20. f3 Nh3+ 21. gxh3 Qd6
22. Kg2 Qd8 23. Kg3 Qd6+ 24. f4 Qc6 25. Rf2 Bf6 26. Be2 Qd7 27. Bf3 c6 28. Ne4
Be7 29. Rg1 Qd8 30. Kh2 Bxh4 31. Rfg2 Rc8 32. Qe2 Be7 33. Ng5 Qd7 34. Qf2 f6 35.
Nxh7 Kxh7 36. Rxg6 f5 37. Rg7+ Kh8 38. d5 cxd5 39. Rg8+ Kh7 40. R8g7+ Kh8 41.
Rxe7+ 1-0

[Event "World Blitz Women 2016"]
[Site "Doha QAT"]
[Date "2016.12.29"]
[Round "3.7"]
[White "Dzagnidze, Nana"]
[Black "Batsiashvili, Nino"]
[Result "0-1"]
[WhiteTitle "GM"]
[BlackTitle "IM"]
[WhiteElo "2520"]
[BlackElo "2482"]
[WhiteFideId "13601903"]
[BlackFideId "13602993"]
[EventDate "2016.12.29"]

1. Nf3 f5 2. b3 Nf6 3. Bb2 e6 4. c4 Be7 5. g3 O-O 6. Bg2 d6 7. Nc3 Nbd7 8. O-O
c6 9. d3 Qe8 10. e4 f4 11. gxf4 Nh5 12. Ne2 Nxf4 13. Nxf4 Rxf4 14. Kh1 e5 15.
Rg1 Qh5 16. Bc1 Rf8 17. Be3 Nf6 18. Bf1 Ng4 19. Be2 Rxf3 20. Rg2 Rh3 21. Qg1 Rh4
22. f4 exf4 23. Bxf4 Bf6 24. Rf1 Be6 25. Bg3 Rh3 26. Bxd6 Rh4 27. c5 Re8 28.
Rxf6 gxf6 29. d4 Kh8 30. Bg3 Rg8 31. Bd6 Qh6 32. Bg3 Ne3 33. Rf2 Rxg3 0-1

[Event "World Blitz Women 2016"]
[Site "Doha QAT"]
[Date "2016.12.29"]
[Round "3.8"]
[White "Abdumalik, Zhansaya"]
[Black "Arabidze, Meri"]
[Result "1-0"]
[WhiteTitle "WGM"]
[BlackTitle "IM"]
[WhiteElo "2405"]
[BlackElo "2379"]
[WhiteFideId "13703544"]
[BlackFideId "13604040"]
[EventDate "2016.12.29"]

1. e4 e5 2. Nf3 Nc6 3. Bb5 a6 4. Ba4 Nf6 5. O-O Be7 6. Re1 b5 7. Bb3 O-O 8. a4
b4 9. d3 d6 10. h3 Be6 11. Nbd2 Qd7 12. Nc4 Rfe8 13. a5 Bf8 14. Ba4 Bxc4 15.
dxc4 Kh8 16. Bg5 Re6 17. Bxf6 Rxf6 18. Qd5 Rg6 19. Nh4 Rh6 20. Bxc6 1-0

[Event "World Blitz Women 2016"]
[Site "Doha QAT"]
[Date "2016.12.29"]
[Round "3.9"]
[White "Gaponenko, Inna"]
[Black "Saduakassova, Dinara"]
[Result "0-1"]
[WhiteTitle "IM"]
[BlackTitle "WGM"]
[WhiteElo "2411"]
[BlackElo "2428"]
[WhiteFideId "14101181"]
[BlackFideId "13700090"]
[EventDate "2016.12.29"]

1. e4 e5 2. Nf3 Nc6 3. Bb5 a6 4. Bxc6 dxc6 5. O-O Ne7 6. Nxe5 Qd4 7. Qh5 g6 8.
Nf3 Qxe4 9. Qa5 Bg4 10. Re1 Qd5 11. Qxc7 Bxf3 12. gxf3 Qxf3 13. Nc3 Qg4+ 14. Qg3
Qxg3+ 15. hxg3 O-O-O 16. d3 h6 17. Bf4 Nf5 18. Be5 Bg7 19. Bxg7 Nxg7 20. Re7 Rd7
21. Rae1 Ne6 22. Rxd7 Kxd7 23. Ne2 h5 24. Kg2 Re8 25. Ng1 Nf4+ 26. Kf1 Rxe1+ 27.
Kxe1 Nd5 28. Kd2 Ke6 29. c4 Nf6 30. Ne2 g5 31. Nd4+ Ke5 32. Nf3+ Kf5 33. Ke2 Nd7
34. Nd4+ Ke5 35. Nf3+ Kf5 36. d4 f6 37. Ke3 Nf8 38. d5 cxd5 39. cxd5 g4 40. Ne1
Ke5 41. Nd3+ Kxd5 42. Nf4+ Ke5 43. Nxh5 Ne6 44. f4+ Kf5 45. b3 Kg6 46. f5+ Kxf5
47. a4 Kg5 48. Nf4 Nxf4 0-1

[Event "World Blitz Women 2016"]
[Site "Doha QAT"]
[Date "2016.12.29"]
[Round "3.10"]
[White "Khademalsharieh, Sarasadat"]
[Black "Zhukova, Natalia"]
[Result "1-0"]
[WhiteTitle "IM"]
[BlackTitle "GM"]
[WhiteElo "2438"]
[BlackElo "2440"]
[WhiteFideId "12512214"]
[BlackFideId "14101513"]
[EventDate "2016.12.29"]

1. d4 Nf6 2. c4 c5 3. d5 b5 4. cxb5 a6 5. bxa6 g6 6. Nc3 Bg7 7. a7 Rxa7 8. e4
O-O 9. Nf3 e6 10. Be2 exd5 11. exd5 d6 12. O-O Na6 13. Nb5 Rd7 14. a4 Bb7 15.
Bc4 Nb4 16. Bg5 Qa8 17. a5 Nfxd5 18. Qd2 Bc6 19. Bh6 Nf6 20. Bxg7 Kxg7 21. Be2
Rb8 22. Nc3 Re8 23. Rfe1 d5 24. Bb5 d4 25. Bxc6 Rxe1+ 26. Qxe1 Nxc6 27. Na4 Re7
28. Qc1 Qxa5 29. Nxc5 Qb5 30. h4 d3 31. Qc3 Nb4 32. Ng5 Rc7 33. Nce6+ fxe6 34.
Qxc7+ Nd7 35. Nxe6+ Kf7 36. Nd4 Qd5 37. Qf4+ Kg7 38. Re1 Nc2 1-0

[Event "World Blitz Women 2016"]
[Site "Doha QAT"]
[Date "2016.12.29"]
[Round "3.11"]
[White "Pham, Le Thao Nguyen"]
[Black "Kashlinskaya, Alina"]
[Result "0-1"]
[WhiteTitle "IM"]
[BlackTitle "IM"]
[WhiteElo "2351"]
[BlackElo "2429"]
[WhiteFideId "12401226"]
[BlackFideId "4198026"]
[EventDate "2016.12.29"]

1. d4 Nf6 2. Nf3 g6 3. g3 Bg7 4. Bg2 O-O 5. O-O d6 6. b3 Nbd7 7. Bb2 e5 8. c4
Re8 9. e3 e4 10. Nfd2 Nf8 11. Nc3 Bf5 12. h3 h5 13. f4 exf3 14. Qxf3 Ne6 15.
Qxb7 Rb8 16. Qa6 Ng5 17. h4 Nh3+ 18. Kh1 Qd7 19. e4 Bg4 20. Nd5 Nh7 21. Rae1 c6
22. Ne3 g5 23. Nf5 Bxf5 24. Rxf5 g4 25. Ref1 Re7 26. Qa3 Bh6 27. Bc1 Rbe8 28. e5
dxe5 29. Ne4 Bxc1 30. Qxc1 exd4 31. Ng5 N3xg5 32. hxg5 d3 33. Qd1 d2 34. R5f2
Re1 35. Qxd2 Qxd2 36. Rxd2 Nxg5 37. Kh2 Rxf1 38. Bxf1 Nf3+ 0-1

[Event "World Blitz Women 2016"]
[Site "Doha QAT"]
[Date "2016.12.29"]
[Round "3.12"]
[White "Purtseladze, Maka"]
[Black "Charochkina, Daria"]
[Result "0-1"]
[WhiteTitle "IM"]
[BlackTitle "IM"]
[WhiteElo "2347"]
[BlackElo "2383"]
[WhiteFideId "13602659"]
[BlackFideId "4180917"]
[EventDate "2016.12.29"]

1. d4 f5 2. Nc3 Nf6 3. Bg5 c6 4. Bxf6 exf6 5. e3 Qb6 6. Qc1 d5 7. Bd3 Bd6 8.
Nge2 Be6 9. a3 Nd7 10. b4 Qc7 11. h3 a5 12. b5 c5 13. dxc5 Nxc5 14. O-O Qd7 15.
Nd4 Nxd3 16. cxd3 Bf7 17. Na4 Bc7 18. Nc5 Qc8 19. Nce6 Bxe6 20. Nxe6 Be5 21.
Nxg7+ Kf7 22. Qxc8 Raxc8 23. Nxf5 Bxa1 24. Nd6+ Ke6 25. Nxc8 Bb2 26. Rb1 Bxa3
27. Nb6 Bc5 28. Na4 Bb4 29. Rc1 Kd6 30. d4 h5 31. g3 Rg8 32. h4 f5 33. Kf1 Ba3
34. Rc2 Kd7 35. Ke2 Re8 36. Nb6+ Kd6 37. Nc8+ Ke6 38. Rc7 a4 39. Nb6 Bd6 40.
Rxb7 a3 41. Ra7 Rb8 42. Na4 Rxb5 43. Nc5+ Bxc5 44. dxc5 Rb2+ 45. Kf3 a2 46. c6
Kd6 47. c7 Kd7 48. Kf4 Rxf2+ 49. Kg5 Re2 50. Kf4 Rf2+ 51. Kg5 Rf3 52. Kxh5 Rxe3
53. Rxa2 Rxg3 54. Rc2 Kc8 55. Kh6 f4 56. h5 f3 57. Kh7 Rg2 58. Rc1 f2 59. h6 Rg1 0-1

[Event "World Blitz Women 2016"]
[Site "Doha QAT"]
[Date "2016.12.29"]
[Round "3.13"]
[White "Koneru, Humpy"]
[Black "Zhu, Chen"]
[Result "1-0"]
[WhiteTitle "GM"]
[BlackTitle "GM"]
[WhiteElo "2557"]
[BlackElo "2419"]
[WhiteFideId "5008123"]
[BlackFideId "8600546"]
[EventDate "2016.12.29"]

1. d4 Nf6 2. c4 e6 3. Nc3 Bb4 4. e3 O-O 5. Ne2 d5 6. a3 Bd6 7. c5 Be7 8. b4 c6
9. Nf4 Nbd7 10. Nd3 b6 11. Be2 a5 12. Bb2 Ba6 13. O-O Bxd3 14. Bxd3 e5 15. b5
exd4 16. exd4 cxb5 17. c6 Nb8 18. Bxb5 Qd6 19. Re1 Rc8 20. Na4 Bd8 21. Qe2 Bc7
22. Qe5 Qf8 23. Qf5 Nxc6 24. Bxc6 Qd6 25. Bxa8 Qxh2+ 26. Kf1 Rxa8 27. Qh3 Qf4
28. Nc3 Qxd4 29. Rac1 Qc4+ 30. Kg1 Qb3 31. Nd1 Bf4 32. Qxb3 Bxc1 33. Bxc1 Rc8
34. Bb2 Ne4 35. Qxd5 Nc5 36. Bd4 Ne6 37. Rxe6 1-0

[Event "World Blitz Women 2016"]
[Site "Doha QAT"]
[Date "2016.12.29"]
[Round "3.16"]
[White "Hallaeva, Bahar"]
[Black "Gvetadze, Sofio"]
[Result "0-1"]
[WhiteTitle "WFM"]
[BlackTitle "IM"]
[WhiteElo "2112"]
[BlackElo "2283"]
[WhiteFideId "14000679"]
[BlackFideId "13601440"]
[EventDate "2016.12.29"]

1. e4 Nf6 2. e5 Nd5 3. c4 Nb6 4. d4 d6 5. exd6 cxd6 6. Nc3 g6 7. Be3 Bg7 8. Rc1
O-O 9. b3 Bf5 10. Nf3 d5 11. c5 Nc8 12. Bd3 Bg4 13. O-O Nc6 14. Be2 e6 15. h3
Bxf3 16. Bxf3 N8e7 17. Ne2 Nf5 18. Bg4 Nfe7 19. Qd2 e5 20. dxe5 Nxe5 21. Bd4
N7c6 22. Bb2 h5 23. Bf3 Nxf3+ 24. gxf3 Bxb2 25. Qxb2 Qg5+ 26. Kh2 Qf5 27. Kg2
Ne5 28. Nd4 Qg5+ 29. Kh2 Nd3 30. Qc3 Nxc1 31. Rxc1 Qf4+ 32. Kg2 Rfe8 33. Rd1 Re5
34. Rh1 Qg5+ 35. Kh2 Qf4+ 36. Kg2 h4 37. Kf1 Rae8 38. Kg2 Rg5+ 39. Kf1 Rge5 40.
Kg2 Qf6 41. Rd1 Rg5+ 42. Kh2 Qf4+ 43. Kh1 Rge5 44. Kg2 Qg5+ 45. Kh2 Qe7 46. Rg1
Re1 47. Rg4 Qe5+ 48. Kg2 Rd1 49. Nc2 Qxc3 0-1

[Event "World Blitz Women 2016"]
[Site "Doha QAT"]
[Date "2016.12.29"]
[Round "3.17"]
[White "Sloan, Julia Elizabeth"]
[Black "Ovezdurdiyeva, Jemal"]
[Result "1-0"]
[WhiteTitle "CM"]
[BlackTitle "WFM"]
[WhiteElo "2173"]
[BlackElo "2080"]
[WhiteFideId "2018950"]
[BlackFideId "14001888"]
[EventDate "2016.12.29"]

1. d4 Nf6 2. c4 g6 3. f3 Bg7 4. e4 d6 5. Nc3 O-O 6. Bg5 Nbd7 7. Qd2 e5 8. d5 Qe8
9. Bh6 Nh5 10. g4 Nf4 11. Bxg7 Kxg7 12. Nge2 Nxe2 13. Bxe2 Nc5 14. O-O-O a5 15.
Rdg1 Qe7 16. h4 Kh8 17. g5 Bd7 18. h5 Be8 19. Bf1 Rb8 20. Rg3 Rg8 21. Rgh3 Rg7
22. f4 exf4 23. Qxf4 c6 24. Qf6 Qe5 25. hxg6 Kg8 26. Rxh7 Qxf6 27. R7h5 1-0

[Event "World Blitz Women 2016"]
[Site "Doha QAT"]
[Date "2016.12.29"]
[Round "4.2"]
[White "Harika, Dronavalli"]
[Black "Javakhishvili, Lela"]
[Result "1-0"]
[WhiteTitle "GM"]
[BlackTitle "IM"]
[WhiteElo "2543"]
[BlackElo "2461"]
[WhiteFideId "5015197"]
[BlackFideId "13601458"]
[EventDate "2016.12.29"]

1. d4 Nf6 2. Bg5 d5 3. e3 c5 4. Nd2 cxd4 5. exd4 Nc6 6. c3 Bf5 7. Ngf3 e6 8. Be2
Be7 9. Nh4 Be4 10. Nxe4 Nxe4 11. Bxe7 Qxe7 12. Nf3 O-O 13. O-O a6 14. a4 Rab8
15. Bd3 Nd6 16. Re1 h6 17. Bc2 Rfc8 18. Qd3 Ne4 19. Qe2 Nf6 20. Bd3 Qc7 21. h3
Na5 22. Ne5 Nc4 23. f4 Nd6 24. g3 b5 25. axb5 axb5 26. Qf3 b4 27. Rac1 bxc3 28.
bxc3 Rb3 29. f5 Rxc3 30. Rcd1 Nxf5 31. g4 Nxd4 32. Qf4 Nc6 33. g5 hxg5 34. Qxg5
Nxe5 35. Rxe5 Qb6+ 36. Kh1 Rc1 37. Rxc1 Rxc1+ 38. Qxc1 Qb8 39. Re1 e5 40. Qg5 e4
41. Rg1 Qf8 42. Qxf6 exd3 43. Qd4 g6 44. Qxd3 Qd6 45. Qg3 Qe6 46. Qg4 Qe3 47.
Qg3 Qe4+ 48. Qg2 Qe5 49. Qg3 Qe4+ 50. Kh2 d4 51. Rg2 Kh7 52. Qg4 Qe5+ 53. Qg3
Qe4 54. Rf2 f5 55. Qf4 Qd5 56. Rc2 d3 57. Rc7+ Kg8 58. Qc4 1-0

[Event "World Blitz Women 2016"]
[Site "Doha QAT"]
[Date "2016.12.29"]
[Round "4.4"]
[White "Khademalsharieh, Sarasadat"]
[Black "Ju, Wenjun"]
[Result "0-1"]
[WhiteTitle "IM"]
[BlackTitle "GM"]
[WhiteElo "2438"]
[BlackElo "2579"]
[WhiteFideId "12512214"]
[BlackFideId "8603006"]
[EventDate "2016.12.29"]

1. d4 f5 2. Nc3 Nf6 3. Bg5 d5 4. e3 e6 5. Nf3 c5 6. Nb1 Nc6 7. c3 h6 8. Bf4 Be7
9. h4 g6 10. Nbd2 a6 11. Ne5 Nxe5 12. Bxe5 O-O 13. Be2 Bd7 14. g4 fxg4 15. Bxg4
Nxg4 16. Qxg4 Kh7 17. f4 h5 18. Qg3 b5 19. Ke2 b4 20. Rag1 Rg8 21. Nf3 Bb5+ 22.
Kd2 bxc3+ 23. bxc3 Qa5 24. Rc1 Qxa2+ 25. Rc2 Qc4 26. Ng5+ Bxg5 27. Qxg5 Qd3+ 28.
Kc1 Ra7 29. f5 Qxf5 30. Qg3 Rb7 31. Rhh2 Ba4 32. Rhf2 Qd3 33. Rfd2 Qf1+ 34. Rd1
Qf5 35. Rb2 Rxb2 36. Kxb2 Qc2+ 0-1

[Event "World Blitz Women 2016"]
[Site "Doha QAT"]
[Date "2016.12.29"]
[Round "4.5"]
[White "Saduakassova, Dinara"]
[Black "Zhao, Xue"]
[Result "0-1"]
[WhiteTitle "WGM"]
[BlackTitle "GM"]
[WhiteElo "2428"]
[BlackElo "2504"]
[WhiteFideId "13700090"]
[BlackFideId "8601283"]
[EventDate "2016.12.29"]

1. d4 Nf6 2. c4 e6 3. Nf3 b6 4. g3 Ba6 5. b3 b5 6. cxb5 Bxb5 7. Bg2 d5 8. Nc3
Ba6 9. O-O Nbd7 10. Na4 Bb5 11. Nc3 Ba6 12. Na4 Bd6 13. Bb2 O-O 14. Nd2 Bb5 15.
Nc3 Ba6 16. Na4 Bb5 17. Nc3 Ba6 18. Na4 c5 19. dxc5 Nxc5 20. Nxc5 Bxc5 21. Rc1
Qb6 22. Nf3 Ne4 23. Bd4 Rac8 24. Bxc5 Rxc5 25. Ne5 Rxc1 26. Qxc1 Rc8 27. Qb2 Nc3
28. Re1 Qd4 29. Nd3 e5 30. Bf1 e4 31. Qa3 exd3 32. Qxa6 Re8 33. exd3 Rf8 34. Bg2
g6 35. a4 Rb8 36. Qd6 Rxb3 37. Qd8+ Kg7 38. Qd6 Rb2 39. Qe5+ Qxe5 40. Rxe5 Rb1+
41. Bf1 Ra1 42. Kg2 Rxa4 43. Re7 a5 44. Ra7 Ra2 45. h4 Nd1 46. Kh3 Nxf2+ 47. Kg2
Ng4+ 48. Kg1 Ne3 49. Bh3 Kf6 50. Bd7 Ke5 51. Be8 f5 52. Rxh7 Rg2+ 53. Kh1 Rxg3
54. Ra7 Rh3+ 55. Kg1 Rxh4 56. Rxa5 Rg4+ 57. Kf2 Nc2 58. Bf7 Nb4 59. Rb5 Nxd3+
60. Ke3 Rg3+ 61. Kd2 Nf4 62. Be8 Ne6 63. Bc6 Nf4 64. Be8 g5 65. Ra5 g4 66. Bd7
Rd3+ 67. Ke1 Re3+ 68. Kf2 Rf3+ 69. Kg1 g3 70. Ra2 d4 71. Ra5+ Kd6 72. Bxf5 Ne2+
73. Kg2 Rf2+ 74. Kh3 g2 0-1

[Event "World Blitz Women 2016"]
[Site "Doha QAT"]
[Date "2016.12.29"]
[Round "4.6"]
[White "Charochkina, Daria"]
[Black "Abdumalik, Zhansaya"]
[Result "0-1"]
[WhiteTitle "IM"]
[BlackTitle "WGM"]
[WhiteElo "2383"]
[BlackElo "2405"]
[WhiteFideId "4180917"]
[BlackFideId "13703544"]
[EventDate "2016.12.29"]

1. d4 Nf6 2. Bf4 g6 3. Nf3 Bg7 4. e3 d6 5. Be2 Nbd7 6. O-O O-O 7. h3 Qe8 8. Bh2
e5 9. c4 Qe7 10. Nc3 c6 11. Rc1 Re8 12. c5 dxc5 13. dxe5 Nd5 14. Nxd5 cxd5 15.
Qxd5 Nxe5 16. Bxe5 Bxe5 17. Bb5 Bxb2 18. Rc2 Rd8 19. Qxc5 Qxc5 20. Rxc5 Be6 21.
a4 Rac8 22. Rxc8 Rxc8 23. Rb1 Bf6 24. e4 a6 25. Bf1 Rc7 26. g3 Kg7 27. Kg2 Bd7
28. a5 Bc6 29. Bd3 Rd7 30. Bc2 Bc3 31. Kg1 f5 32. Ng5 Kf6 33. h4 h6 34. Nh3 fxe4
35. g4 Bxa5 36. g5+ hxg5 37. Nxg5 Re7 38. Rd1 Bc7 39. Re1 Ba5 40. Rd1 Ke5 41.
Ra1 Bc3 42. Ra3 Bb4 43. Re3 Bc5 44. Re2 Kf4 45. Bd1 Bb5 46. Rb2 Bd3 47. Nh3+ Ke5
48. Ng5 b5 49. Kg2 a5 50. f3 e3 51. Kg3 b4 52. f4+ Kd6 53. Bf3 a4 54. Bg4 a3 55.
Rb3 Bc2 0-1

[Event "World Blitz Women 2016"]
[Site "Doha QAT"]
[Date "2016.12.29"]
[Round "4.7"]
[White "Batsiashvili, Nino"]
[Black "Kashlinskaya, Alina"]
[Result "1-0"]
[WhiteTitle "IM"]
[BlackTitle "IM"]
[WhiteElo "2482"]
[BlackElo "2429"]
[WhiteFideId "13602993"]
[BlackFideId "4198026"]
[EventDate "2016.12.29"]

1. d4 Nf6 2. Bf4 g6 3. e3 Bg7 4. h3 O-O 5. Nf3 c5 6. Nbd2 b6 7. Bd3 Bb7 8. O-O
d6 9. Qe2 a6 10. a4 Nbd7 11. Bh2 cxd4 12. exd4 Nd5 13. c3 Bh6 14. Rfe1 N7f6 15.
Ne4 Re8 16. Neg5 Bg7 17. Nxf7 Kxf7 18. Qe6+ Kf8 19. Ng5 1-0

[Event "World Blitz Women 2016"]
[Site "Doha QAT"]
[Date "2016.12.29"]
[Round "4.9"]
[White "Lagno, Kateryna"]
[Black "Sviridova, Vlada"]
[Result "1-0"]
[WhiteTitle "GM"]
[BlackTitle "WFM"]
[WhiteElo "2530"]
[BlackElo "2144"]
[WhiteFideId "14109336"]
[BlackFideId "24109606"]
[EventDate "2016.12.29"]

1. e4 e6 2. d4 d5 3. exd5 exd5 4. Nf3 Bd6 5. Bd3 Nc6 6. c3 Nge7 7. O-O O-O 8. h3
Bf5 9. Re1 Bxd3 10. Qxd3 Qd7 11. Nbd2 Ng6 12. Nf1 Nce7 13. Ne5 Qf5 14. Qb5 Nxe5
15. dxe5 Bxe5 16. Qxb7 Rab8 17. Qxa7 Ra8 18. Qe3 Bd6 19. Ng3 Qd7 20. Qf3 Ra4 21.
Bd2 Rfa8 22. a3 Rb8 23. Rab1 c5 24. Bg5 f6 25. Bd2 Be5 26. Nh5 Kf7 27. Nf4 Bxf4
28. Bxf4 Rb7 29. Bd2 Ng6 30. Re2 Ne5 31. Qh5+ Kg8 32. f4 Ng6 33. Qf3 Rb8 34. Qd3
Nxf4 35. Bxf4 Rxf4 36. Rbe1 Rf8 37. Re7 Qd6 38. R1e6 Qb8 39. Qxd5 Kh8 40. Qd7
Qxb2 41. Rxg7 Qb1+ 42. Kh2 Rf1 43. Ree7 Rh1+ 44. Kg3 Rxh3+ 45. Kxh3 Qh1+ 46. Kg3 1-0